[Event "Kuwait U1700"]
[Site "Kuwait"]
[Date "2016.10.28"]
[Round "1.1"]
[White "Alathari, Yaqoub"]
[Black "Alrashidi, Yousef"]
[Result "0-1"]
[WhiteElo "1398"]
[BlackElo "1548"]
[PlyCount "35"]
[EventDate "2016.10.28"]
[EventType "tourn"]
[EventRounds "7"]
[EventCountry "KUW"]
[SourceTitle "EXT 2024"]
[Source "ChessBase"]
[SourceDate "2023.10.10"]
[SourceVersion "1"]
[SourceVersionDate "2023.10.10"]
[SourceQuality "1"]

1. e4 e5 2. Nf3 Nc6 3. d4 exd4 4. Bc4 h6 5. c3 Qe7 6. 0-0 dxc3 7. Nxc3 d6 8. Nd5 Qd8 9. Nf4 Bg4 10. Bxf7+ Kxf7 11. Qd5+ Ke8 12. Nd4 Nf6 13. Nxc6 Nxd5 14. Nxd8 Nxf4 15. Nxb7 Nd3 16. h3 Be2 17. Be3 Bxf1 18. Kxf1 0-1